=LDR 00000nam 2200000 4500 =001 INLIS000000000032906 =005 20130612134905 =008 ***********************************Eng** =035 ##$$0010-061300000032906 =041 ##$$a Eng =082 ##$$a 657 =090 ##$$a 657, Dup p =100 ##$$a Dupree, Dempsey =245 ##$$a Principles of accounting, Dempsey Dupree =260 ##$$a 1984 $b Amsterdam =300 ##$$a xxxvi, 1069 hlm, ilus, 22 cm =650 ##$$a Principles accounting =850 ##$$a NBPNMAT